000 02757cam a2200541Ii 4500
001 sjds884269
003 sjds
005 20240318214146.0
008 140911s2015 onca b 000 p spa
020 _a9781554984428 (bound)
020 _a1554984424 (bound)
020 _a9781773060033 (paperback)
035 _a(OCoLC)890957130
_z(OCoLC)884816258
_z(OCoLC)906022107
035 _a1982323
040 _aNLC
_beng
_erda
_cNLC
_dOCLCO
_dBTCTA
_dBDX
_dOCLCF
_dZQP
_dOEL
_dGZW
_dBKL
_dIPU
_dVP@
_dSAP
_dTOH
_dYDXCP
_dOCL
_dQBX
_dOCLCO
041 1 _aspa
_aeng
_hspa
049 _aIFAA
099 _f2015
100 1 _aArgueta, Jorge,
_eauthor.
245 1 0 _aSalsa :
_bun poema para cocinar /
_cescrito por Jorge Argueta ; ilustrado por Duncan Tonatiuh ; traduccion de Elisa Amado = Salsa : a cooking poem / words by Jorge Argueta ; pictures by Duncan Tonatiuh ; translated by Elisa Amado.
246 3 1 _aSalsa : a cooking poem
260 _aToronto ;
_aBerkeley :
_bGroundwood Books / House of Anansi Press ,
_c[2015]
264 1 _aToronto ;
_aBerkeley :
_bGroundwood Books / House of Anansi Press ,
_c[2015]
300 _a1 volume (unpaged) :
_bcolor illustrations ;
_c28 cm
336 _atext
_btxt
_2rdacontent
336 _astill image
_bsti
_2rdacontent
337 _aunmediated
_bn
_2rdamedia
338 _avolume
_bnc
_2rdacarrier
520 _aIn this new cooking poem, Jorge Argueta brings us a fun and easy recipe for a yummy salsa. A young boy and his sister gather the ingredients and grind them up in a molcajete, just like their ancestors used to do, singing and dancing all the while.
520 _aEn este nuevo poema cocinar, Jorge Argueta nos trae una receta facil y divertida para una deliciosa salsa. Un nino y su hermana se reunen los ingredientes y se muelen en un molcajete, al igual que sus antepasados solian hacer, cantando y bailando todo el tiempo.
521 8 _aAD 830
_bLexile.
526 0 _aAccelerated Reader AR
_bLG
_c3.2
_d0.5
_z173361.
546 _aText in Spanish and English.
650 0 _aSalsas (Cooking)
_vJuvenile poetry.
650 0 _aCooking
_vJuvenile poetry.
650 7 _aSalsas (Cocina)
_vPoesía juvenil.
_2bidex
650 7 _aCocina
_vPoesía juvenil.
_2bidex
650 7 _aPoesia infantil.
_2bidex
650 0 _aHispanic Americans
_vJuvenile poetry.
650 0 _aHispanoestadounidenses
_vPoesía juvenil.
_2bidex
650 0 _aSpanish language materials
_xBilingual
_vJuvenile literature.
650 7 _aMateriales bilingues en espanol
_vLiteratura juvenil.
_2bidex
655 7 _aCookbooks.
_2lcgft
700 1 _aAmado, Elisa,
_etranslator.
700 1 _aTonatiuh, Duncan,
_eillustrator.
776 1 _aArgueta, Jorge, author.
_tSalsa.
_dToronto : Groundwood Books, 2015.
_w(CaOONL)20149056214
942 _cBK
_2ddc
999 _c29395
_d29393